[Event "Mondiale Lampo FIDE 2017"]
[Site "Riyadh"]
[Date "29.12.2017"]
[Round "10.10"]
[White "Salem, A.R. Saleh"]
[Black "Amin, Bassem"]
[Result "1/2-1/2"]
[WhiteTitle "GM"]
[BlackTitle "GM"]
[WhiteElo "2638"]
[BlackElo "2689"]
[WhiteFideId "9301348"]
[BlackFideId "10601457"]
[EventDate "2017.12.29"]

1. d4 Nf6 2. c4 e6 3. Nf3 Bb4+ 4. Nc3 c5 5. e3 d5 6. Bd3 O-O 7. O-O Nc6 8. cxd5
exd5 9. dxc5 Bxc5 10. h3 Be6 11. b3 Qe7 12. Bb2 Rfd8 13. Ne2 Ne4 14. Nfd4 Ne5
15. Nf4 Bxd4 16. Bxd4 Nxd3 17. Qxd3 Bf5 18. Qe2 a6 19. Rac1 Qd6 20. Rfd1 Rac8
21. Rxc8 Bxc8 22. Bb2 Be6 23. Qh5 Qc6 24. Qe5 Nf6 25. Rc1 Qd6 26. Rc7 b5 27. Ra7
Qc6 28. Nxe6 Qxe6 29. Qxe6 fxe6 30. Rxa6 Kf7 31. Rb6 Rc8 32. Rxb5 Rc2 33. Rb7+
Kg6 34. Bxf6 gxf6 35. a4 Ra2 36. Rb5 Kf5 37. a5 Ke4 38. b4 e5 39. f3+ Kxe3 40.
Rxd5 h5 41. h4 Kf4 42. Kh2 f5 43. Rd1 e4 44. fxe4 fxe4 45. Rf1+ Kg4 46. Re1 Kf4
47. Rf1+ Kg4 48. Re1 1/2-1/2

[Event "Mondiale Lampo FIDE 2017"]
[Site "Riyadh"]
[Date "29.12.2017"]
[Round "10.12"]
[White "Grischuk, Alexander"]
[Black "Bacrot, Etienne"]
[Result "1/2-1/2"]
[WhiteTitle "GM"]
[BlackTitle "GM"]
[WhiteElo "2772"]
[BlackElo "2725"]
[WhiteFideId "4126025"]
[BlackFideId "605506"]
[EventDate "2017.12.29"]

1. Nf3 d5 2. b3 Nf6 3. Bb2 e6 4. c4 Be7 5. e3 O-O 6. Nc3 b6 7. cxd5 exd5 8. d4
Bb7 9. Bd3 Nbd7 10. O-O Ne4 11. Rc1 Rc8 12. Qe2 c5 13. Ba6 Nxc3 14. Bxc3 Qc7 15.
Bb2 Rfd8 16. Rfd1 Nf8 17. Ne5 Ne6 18. Bd3 Bf8 19. h4 Qe7 20. Qg4 Qf6 21. g3 g6
22. Bf1 cxd4 23. exd4 h5 24. Qe2 Bh6 25. Rxc8 Rxc8 26. Bh3 Re8 27. Re1 Bc8 28.
Qb5 Nc7 29. Qf1 Bxh3 30. Qxh3 Qe6 31. Qxe6 Rxe6 32. Rd1 f6 33. Nd3 Kf7 34. Kf1
Rc6 35. Bc1 Bxc1 36. Rxc1 Rxc1+ 37. Nxc1 1/2-1/2

[Event "Mondiale Lampo FIDE 2017"]
[Site "Riyadh"]
[Date "29.12.2017"]
[Round "10.13"]
[White "Grigoriants, Sergey"]
[Black "Petrosian, Tigran L."]
[Result "0-1"]
[WhiteTitle "GM"]
[BlackTitle "GM"]
[WhiteElo "2561"]
[BlackElo "2601"]
[WhiteFideId "4130804"]
[BlackFideId "13301616"]
[EventDate "2017.12.29"]

1. e4 d6 2. d4 g6 3. Nc3 Bg7 4. Be3 a6 5. h4 h6 6. f4 h5 7. Nf3 Nh6 8. Bd3 Ng4
9. Bg1 e6 10. Qd2 Nc6 11. O-O-O Bd7 12. Kb1 Ne7 13. Ng5 b5 14. Rh3 f6 15. Nf3
Qb8 16. Nh2 Qb7 17. Rf3 f5 18. Re1 O-O 19. Nxg4 hxg4 20. Rff1 Rae8 21. Re2 Nc6
22. d5 Nb4 23. dxe6 Bxe6 24. exf5 gxf5 25. Rfe1 Nxd3 26. Qxd3 Bc4 27. Qd2 Bxc3
28. bxc3 Rxe2 29. Rxe2 Bxe2 30. Qxe2 Qe4 31. Qd2 Re8 32. Kb2 Qc4 33. Bd4 Re2 34.
Qd1 b4 35. h5 Kh7 36. h6 c5 37. Bg7 d5 38. Bf8 Qxc3+ 39. Kb1 Re1 0-1

[Event "Mondiale Lampo FIDE 2017"]
[Site "Riyadh"]
[Date "29.12.2017"]
[Round "10.14"]
[White "Yu, Yangyi"]
[Black "Dreev, Aleksey"]
[Result "1-0"]
[WhiteTitle "GM"]
[BlackTitle "GM"]
[WhiteElo "2751"]
[BlackElo "2653"]
[WhiteFideId "8603820"]
[BlackFideId "4100107"]
[EventDate "2017.12.29"]

1. d4 d5 2. c4 c6 3. Nf3 Nf6 4. Nc3 e6 5. Bg5 h6 6. Bh4 dxc4 7. e4 b5 8. e5 g5
9. Nxg5 hxg5 10. Bxg5 Be7 11. exf6 Bxf6 12. Bxf6 Qxf6 13. g3 Na6 14. Bg2 Bb7 15.
Ne4 Qe7 16. O-O O-O-O 17. h4 c5 18. a4 Rxd4 19. Qe2 b4 20. Rad1 Rhd8 21. Rxd4
Rxd4 22. Rc1 Bd5 23. Nd2 Nb8 24. Bxd5 Rxd5 25. Nxc4 Nc6 26. Ne3 Re5 27. Qf3 Kc7
28. Qf4 Kb7 29. Rd1 Qc7 30. Nc4 Rd5 31. Nd6+ Kb6 32. Rxd5 exd5 33. h5 Nd4 34.
Qf6 Ka5 35. h6 Nf3+ 36. Kg2 Ng5 37. Qxg5 Qxd6 38. h7 Qf8 39. Qg8 Qe7 40. h8=Q
Kxa4 41. Qh5 Qe4+ 42. Qf3 Qe6 43. Qgxf7 1-0

[Event "Mondiale Lampo FIDE 2017"]
[Site "Riyadh"]
[Date "29.12.2017"]
[Round "10.15"]
[White "Artemiev, Vladislav"]
[Black "Demchenko, Anton"]
[Result "1-0"]
[WhiteTitle "GM"]
[BlackTitle "GM"]
[WhiteElo "2691"]
[BlackElo "2660"]
[WhiteFideId "24101605"]
[BlackFideId "4160258"]
[EventDate "2017.12.29"]

1. e4 e5 2. Nf3 Nc6 3. Nc3 Nf6 4. d4 exd4 5. Nxd4 Bc5 6. Nxc6 bxc6 7. Bd3 d6 8.
Na4 Bb6 9. O-O Ng4 10. Qf3 Qh4 11. Bf4 Ne5 12. Bxe5 dxe5 13. Bc4 O-O 14. h3 Qf4
15. Qe2 Bxh3 16. Nxb6 Qg5 17. f4 Qxg2+ 18. Qxg2 Bxg2 19. Kxg2 axb6 20. fxe5 Rae8
21. Rad1 Re7 22. a4 c5 23. a5 bxa5 24. Rd5 a4 25. Rxc5 g6 26. Ra1 Rb8 27. Rxa4
Rxb2 28. Bb3 Rb1 29. Ra8+ Kg7 30. Ra7 Re1 31. Raxc7 Rxc7 32. Rxc7 Rxe4 33. Rxf7+
Kh6 34. e6 Kg5 35. e7 h5 36. Ba4 Re2+ 37. Kf3 1-0

[Event "Mondiale Lampo FIDE 2017"]
[Site "Riyadh"]
[Date "29.12.2017"]
[Round "10.16"]
[White "Savchenko, Boris"]
[Black "Mamedov, Rauf"]
[Result "1/2-1/2"]
[WhiteTitle "GM"]
[BlackTitle "GM"]
[WhiteElo "2566"]
[BlackElo "2709"]
[WhiteFideId "4147332"]
[BlackFideId "13401653"]
[EventDate "2017.12.29"]

1. e4 c5 2. Nf3 Nc6 3. d4 cxd4 4. Nxd4 g6 5. Nc3 Bg7 6. Be3 Nf6 7. Bc4 O-O 8.
Bb3 d6 9. f3 Bd7 10. Qd2 Nxd4 11. Bxd4 b5 12. h4 a5 13. a4 bxa4 14. Nxa4 h5 15.
Nc3 Bc6 16. Be3 Qb8 17. O-O Rc8 18. Ra2 Qb4 19. Rfa1 Nd7 20. Nd5 Qxd2 21. Bxd2
Bxd5 22. Bxd5 Rab8 23. Bb3 Nc5 24. Bc3 Nxb3 25. cxb3 Rxb3 26. Rxa5 Bxc3 27. bxc3
Rcxc3 28. Ra7 Rb2 29. Rxe7 Rcc2 30. Ra8+ Kg7 31. Raa7 Rxg2+ 32. Kh1 Kf6 33. f4
d5 34. Rxf7+ Ke6 35. Rfe7+ Kd6 36. Red7+ Kc5 37. Rxd5+ Kc6 38. Ra6+ Kb7 39. Rf6
Rh2+ 40. Kg1 Rhg2+ 41. Kf1 Rgc2 42. Rd7+ Kc8 43. Rd1 Rf2+ 44. Kg1 Rg2+ 45. Kh1
Rh2+ 46. Kg1 Rbg2+ 47. Kf1 Rf2+ 48. Ke1 Re2+ 49. Kf1 Rhf2+ 50. Kg1 Rg2+ 51. Kf1 1/2-1/2

[Event "Mondiale Lampo FIDE 2017"]
[Site "Riyadh"]
[Date "29.12.2017"]
[Round "10.17"]
[White "Kasimdzhanov, Rustam"]
[Black "Movsesian, Sergei"]
[Result "0-1"]
[WhiteTitle "GM"]
[BlackTitle "GM"]
[WhiteElo "2683"]
[BlackElo "2647"]
[WhiteFideId "14200244"]
[BlackFideId "310204"]
[EventDate "2017.12.29"]

1. e4 c5 2. Nf3 e6 3. d4 cxd4 4. Nxd4 Nc6 5. Nc3 a6 6. Nxc6 bxc6 7. Bd3 d5 8.
O-O Nf6 9. Bf4 Be7 10. Qe2 O-O 11. Rad1 Bb7 12. b3 Re8 13. Na4 c5 14. c4 d4 15.
e5 Nd7 16. Rfe1 Qc7 17. Bg3 g6 18. Qd2 Rab8 19. h4 Bc6 20. Nb2 Bf8 21. Bc2 Bg7
22. Nd3 Qb7 23. f3 Qc7 24. Bf4 a5 25. a4 Qd8 26. h5 Qc7 27. hxg6 fxg6 28. Bh6
Bh8 29. f4 Re7 30. Qf2 Bg7 31. Qh4 Rf7 32. Bxg7 Rxg7 33. Nf2 Rf8 34. Ng4 Kh8 35.
Rf1 Qd8 36. Qg3 Qe7 37. Nf2 g5 38. Ng4 gxf4 39. Rxf4 Rfg8 40. Re1 Qg5 41. Qh2
Bxg2 42. Kf2 Bc6 43. Rg1 Nxe5 44. Nxe5 Qxe5 45. Rxg7 Qxg7 46. Bxh7 Qg2+ 0-1

[Event "Mondiale Lampo FIDE 2017"]
[Site "Riyadh"]
[Date "29.12.2017"]
[Round "10.18"]
[White "Kryvoruchko, Yuriy"]
[Black "Riazantsev, Alexander"]
[Result "1-0"]
[WhiteTitle "GM"]
[BlackTitle "GM"]
[WhiteElo "2689"]
[BlackElo "2650"]
[WhiteFideId "14109182"]
[BlackFideId "4125029"]
[EventDate "2017.12.29"]

1. e4 c6 2. d4 d5 3. e5 Bf5 4. Nf3 e6 5. Be2 Ne7 6. c3 h6 7. O-O Nd7 8. Nbd2 Bg6
9. Nb3 Nf5 10. Ne1 Be7 11. Nd3 O-O 12. Nf4 Bh7 13. Bd3 c5 14. Bc2 cxd4 15. Nxd4
Nxd4 16. Bxh7+ Kxh7 17. cxd4 Nb8 18. Qd3+ Kh8 19. Nh5 Nc6 20. Qg3 Rg8 21. Be3
Qb6 22. Qf4 Raf8 23. h4 f6 24. Qg3 fxe5 25. dxe5 d4 26. Nf4 dxe3 27. Ng6+ Kh7
28. Nxf8+ Rxf8 29. fxe3 Qxb2 30. h5 Qxe5 31. Qg6+ Kg8 32. Rxf8+ Bxf8 33. Rf1
Qxe3+ 34. Kh1 Qc5 35. Qxe6+ Kh8 36. Qe8 Kh7 37. Rxf8 Qc1+ 38. Kh2 1-0

[Event "Mondiale Lampo FIDE 2017"]
[Site "Riyadh"]
[Date "29.12.2017"]
[Round "10.19"]
[White "Bortnyk, Olexandr"]
[Black "Sargissian, Gabriel"]
[Result "1-0"]
[WhiteTitle "GM"]
[BlackTitle "GM"]
[WhiteElo "2610"]
[BlackElo "2672"]
[WhiteFideId "14120828"]
[BlackFideId "13300881"]
[EventDate "2017.12.29"]

1. e4 e5 2. Nf3 Nc6 3. Bb5 Nf6 4. Qe2 a6 5. Ba4 b5 6. Bb3 Bc5 7. c3 d6 8. h3 O-O
9. d3 Be6 10. Bc2 Re8 11. O-O h6 12. Rd1 Bb6 13. Nbd2 d5 14. Nf1 Qd7 15. Kh2
Rad8 16. Ng3 Qe7 17. b3 b4 18. c4 dxc4 19. bxc4 Nd4 20. Nxd4 Bxd4 21. Rb1 a5 22.
Be3 Qc5 23. Qf3 Qe7 24. Ba4 Rf8 25. Bc6 Ng4+ 26. hxg4 Qh4+ 27. Kg1 Bxg4 28. Nf5
Bxf3 29. Nxh4 Bxd1 30. Rxd1 Bxe3 31. fxe3 Rd6 32. Nf5 Re6 33. Bd7 Ra6 34. c5 a4
35. Rb1 Rb8 36. Ne7+ 1-0

[Event "Mondiale Lampo FIDE 2017"]
[Site "Riyadh"]
[Date "29.12.2017"]
[Round "10.20"]
[White "Saric, Ivan"]
[Black "Jobava, Baadur"]
[Result "0-1"]
[WhiteTitle "GM"]
[BlackTitle "GM"]
[WhiteElo "2669"]
[BlackElo "2690"]
[WhiteFideId "14508150"]
[BlackFideId "13601520"]
[EventDate "2017.12.29"]

1. e4 c6 2. d4 d5 3. Nc3 dxe4 4. Nxe4 Nf6 5. Nxf6+ exf6 6. c3 Bd6 7. Bd3 O-O 8.
Qc2 Re8+ 9. Ne2 g6 10. h4 Nd7 11. h5 Nf8 12. Be3 Be6 13. O-O-O a5 14. Kb1 a4 15.
hxg6 fxg6 16. c4 Bf7 17. Nc3 a3 18. b3 f5 19. g4 f4 20. Bc1 Ne6 21. Be4 Qf6 22.
Bf3 Nxd4 23. Ne4 Rxe4 24. Qxe4 Nxf3 25. Qxf3 g5 26. Rd3 Bg6 27. Rd1 Qc3 28. Qe2
Be5 29. Rd2 Rd8 0-1

[Event "Mondiale Lampo FIDE 2017"]
[Site "Riyadh"]
[Date "29.12.2017"]
[Round "10.21"]
[White "Akobian, Varuzhan"]
[Black "Howell, David W L"]
[Result "1/2-1/2"]
[WhiteTitle "GM"]
[BlackTitle "GM"]
[WhiteElo "2647"]
[BlackElo "2676"]
[WhiteFideId "13300580"]
[BlackFideId "410608"]
[EventDate "2017.12.29"]

1. Nf3 Nf6 2. c4 c5 3. Nc3 Nc6 4. d4 cxd4 5. Nxd4 e6 6. Bf4 d5 7. e3 Bb4 8. Be2
dxc4 9. Nxc6 Qxd1+ 10. Rxd1 bxc6 11. Be5 Nd5 12. Bxg7 Rg8 13. Be5 Rg5 14. Bf4
Nxf4 15. exf4 Rf5 16. g3 Ba6 17. Rc1 Rb8 18. O-O Bxc3 19. Rxc3 Rxb2 20. Bxc4 Rc5
21. Rfc1 Rxc4 22. Rxc4 Bxc4 23. Rxc4 Rxa2 24. Rxc6 Kf8 25. Kg2 Kg7 26. g4 Ra3
27. f3 h5 28. g5 Kg6 29. h4 Ra1 30. Rc5 a5 31. Rb5 a4 32. Ra5 a3 33. Kh2 Kg7 34.
Ra8 Kg6 35. Kg2 Kg7 36. Kh2 1/2-1/2

[Event "Mondiale Lampo FIDE 2017"]
[Site "Riyadh"]
[Date "29.12.2017"]
[Round "10.22"]
[White "Aronian, Levon"]
[Black "Fedoseev, Vladimir3"]
[Result "1/2-1/2"]
[WhiteTitle "GM"]
[BlackTitle "GM"]
[WhiteElo "2805"]
[BlackElo "2718"]
[WhiteFideId "13300474"]
[BlackFideId "24130737"]
[EventDate "2017.12.29"]

1. d4 Nf6 2. c4 e6 3. Nf3 d5 4. Nc3 c6 5. Bg5 h6 6. Bxf6 Qxf6 7. Qb3 dxc4 8.
Qxc4 Nd7 9. e3 Qe7 10. Be2 g6 11. Ne5 Bg7 12. f4 O-O 13. Ne4 Nb6 14. Qb3 Nd5 15.
O-O Qb4 16. Qxb4 Nxb4 17. Rfc1 Rd8 18. Kf2 Rb8 19. a3 Nd5 20. Nc5 Bf8 21. b4 Kg7
22. Rab1 f6 23. Nf3 Ra8 24. g3 b6 25. Nb3 Bb7 26. h4 Rac8 27. h5 g5 28. e4 Nc7
29. e5 Be7 30. exf6+ Bxf6 31. fxg5 hxg5 32. Ne5 Bxe5 33. dxe5 Rd5 34. Bf3 Rf8
35. Kg2 Rxe5 36. Re1 Rxe1 37. Rxe1 Rd8 38. Rc1 Rd3 39. Bxc6 Bxc6+ 40. Rxc6 Nd5
41. Nc1 Re3 42. Kf2 g4 43. Ne2 Kh6 44. Nd4 Kxh5 45. Rxe6 Rxe6 46. Nxe6 Kg6 47.
Nd4 Kf6 48. Nc6 a6 49. Nb8 a5 50. bxa5 bxa5 1/2-1/2

[Event "Mondiale Lampo FIDE 2017"]
[Site "Riyadh"]
[Date "29.12.2017"]
[Round "10.23"]
[White "Leko, Peter"]
[Black "Georgiev, Kiril"]
[Result "1/2-1/2"]
[WhiteTitle "GM"]
[BlackTitle "GM"]
[WhiteElo "2691"]
[BlackElo "2623"]
[WhiteFideId "703303"]
[BlackFideId "2900017"]
[EventDate "2017.12.29"]

1. e4 e5 2. Nf3 Nc6 3. Bc4 Nf6 4. d3 h6 5. O-O d6 6. c3 g6 7. Re1 Bg7 8. Bb3 O-O
9. Nbd2 Na5 10. Bc2 c5 11. b4 cxb4 12. cxb4 Nc6 13. a3 a6 14. h3 b5 15. Bb2 Bb7
16. Bb3 Kh7 17. Nf1 d5 18. Ng3 d4 19. Bc1 a5 20. bxa5 Rxa5 21. Bd2 Ra7 22. a4 b4
23. Bc4 Qd6 24. Bb5 Rb8 25. Qc2 Nd7 26. Rec1 Rc8 27. Qb3 Qe7 28. Rab1 Nc5 29.
Qc2 Ne6 30. Qb2 Qd6 31. Rc2 Raa8 32. Rbc1 Bf8 33. Ne2 Na5 34. Ne1 Be7 35. Rxc8
Rxc8 36. Rxc8 Bxc8 37. Nc2 Nc6 38. Nc1 Nc5 39. Nb3 Na6 40. Bc4 Kg7 41. Ne1 Nc5
42. Nxc5 Qxc5 43. Nc2 Be6 44. Bxe6 fxe6 45. Na1 Na5 46. Nb3 Nxb3 47. Qxb3 Kf6
48. g3 g5 49. Kg2 Bd6 50. Kf3 Qb6 51. Ke2 Qc5 52. Kd1 Kf7 53. Ke2 Be7 54. Kd1
Bd6 55. Qc2 Qa7 56. Qc6 Ke7 57. Qb5 Kf6 58. Bxb4 Bxb4 59. Qxb4 Qa6 60. Qb5 Qc8
61. a5 Qc3 62. a6 h5 63. g4 hxg4 64. hxg4 Qa1+ 65. Ke2 Qg1 66. a7 Qxg4+ 67. Kd2
Qf4+ 68. Kc2 Qxf2+ 69. Kb3 Qe1 70. a8=Q Qb1+ 71. Kc4 Qc2+ 72. Kb4 Qc3+ 73. Ka4
Qa1+ 74. Kb3 Qxa8 75. Qd7 Qa6 76. Kc2 Qa2+ 77. Kc1 Qa1+ 78. Kd2 Qc3+ 79. Ke2
Qc2+ 80. Ke1 Qc1+ 81. Kf2 Qe3+ 82. Kg2 g4 83. Qd8+ Kg6 84. Qg8+ Kh5 85. Qf7+ Kg5
86. Qg7+ Kh5 87. Qf7+ Kh4 88. Qh7+ Kg5 89. Qg7+ Kh5 90. Qf7+ Kh4 91. Qh7+ Kg5
92. Qg7+ Kh5 93. Qf7+ Kh4 1/2-1/2

[Event "Mondiale Lampo FIDE 2017"]
[Site "Riyadh"]
[Date "29.12.2017"]
[Round "10.24"]
[White "Kokarev, Dmitry"]
[Black "Socko, Bartosz"]
[Result "0-1"]
[WhiteTitle "GM"]
[BlackTitle "GM"]
[WhiteElo "2615"]
[BlackElo "2593"]
[WhiteFideId "4132181"]
[BlackFideId "1107038"]
[EventDate "2017.12.29"]

1. e4 e6 2. d4 d5 3. Nc3 Bb4 4. e5 Ne7 5. a3 Bxc3+ 6. bxc3 c5 7. Qg4 Kf8 8. Bd2
Qc7 9. h4 h6 10. Nf3 cxd4 11. cxd4 Qxc2 12. Rc1 Qe4+ 13. Qxe4 dxe4 14. Ng1 Nbc6
15. Ne2 f5 16. exf6 gxf6 17. h5 Kf7 18. g4 e5 19. Bc3 Bxg4 20. dxe5 fxe5 21. Rh4
Bf3 22. Ng3 Rhd8 23. Bc4+ Kg7 24. Rh3 Nd4 25. Nf1 Nc2+ 0-1

[Event "Mondiale Lampo FIDE 2017"]
[Site "Riyadh"]
[Date "29.12.2017"]
[Round "10.25"]
[White "Adhiban, Baskaran"]
[Black "Wang, Yue"]
[Result "1-0"]
[WhiteTitle "GM"]
[BlackTitle "GM"]
[WhiteElo "2655"]
[BlackElo "2690"]
[WhiteFideId "5018471"]
[BlackFideId "8601429"]
[EventDate "2017.12.29"]

1. f4 g6 2. Nf3 Bg7 3. e4 c5 4. Be2 Nc6 5. O-O d6 6. c3 Nf6 7. d3 Rb8 8. a4 a6
9. Kh1 O-O 10. Be3 c4 11. Nbd2 cxd3 12. Bxd3 b5 13. axb5 axb5 14. Qe1 b4 15. Nd4
Bb7 16. Qh4 bxc3 17. bxc3 e6 18. Rae1 Ba8 19. N2f3 Nxd4 20. Bxd4 Nd7 21. Qh3 Nc5
22. Bxc5 dxc5 23. Bc4 Rb2 24. f5 exf5 25. exf5 Kh8 26. Bxf7 gxf5 27. Bg6 h6 28.
Bxf5 Qf6 29. Nh4 Qg5 30. Ng6+ Kg8 31. Be6+ Kh7 32. Nxf8+ Bxf8 33. Bf5+ Kg7 34.
Be4 1-0

[Event "Mondiale Lampo FIDE 2017"]
[Site "Riyadh"]
[Date "29.12.2017"]
[Round "10.26"]
[White "Adly, Ahmed"]
[Black "Short, Nigel D"]
[Result "1/2-1/2"]
[WhiteTitle "GM"]
[BlackTitle "GM"]
[WhiteElo "2637"]
[BlackElo "2678"]
[WhiteFideId "10601619"]
[BlackFideId "400025"]
[EventDate "2017.12.29"]

1. c4 e5 2. g3 d6 3. Bg2 Nc6 4. Nc3 Be6 5. d3 Qd7 6. f4 g6 7. fxe5 dxe5 8. Be3
Rd8 9. Nf3 h6 10. O-O Bg7 11. Nd2 f5 12. Qa4 Nge7 13. Nb3 b6 14. Nd5 Nxd5 15.
cxd5 Bxd5 16. Bxd5 Qxd5 17. Rac1 Rd6 18. Bc5 Rf6 19. e4 Qxd3 20. Rfe1 fxe4 21.
Rcd1 Qf3 22. Nd2 Qf5 23. Nxe4 bxc5 24. Nxf6+ Qxf6 25. Qb3 Ke7 26. Rf1 Qe6 27.
Qb5 Rd8 28. Qxc5+ Rd6 29. Rc1 Kd7 30. Rfd1 Rxd1+ 31. Rxd1+ Nd4 32. Rf1 e4 33.
Kg2 e3 34. Rd1 Qe4+ 35. Kh3 Qf5+ 36. Qxf5+ gxf5 37. Kg2 Ke6 38. Rd3 e2 39. Kf2
c5 40. b3 Kd5 41. Re3 Be5 42. Rd3 Bc7 43. Re3 Ba5 44. h3 e1=Q+ 45. Rxe1 Bxe1+
46. Kxe1 Ke4 47. Kf2 h5 1/2-1/2

[Event "Mondiale Lampo FIDE 2017"]
[Site "Riyadh"]
[Date "29.12.2017"]
[Round "10.27"]
[White "Khismatullin, Denis"]
[Black "Rapport, Richard"]
[Result "0-1"]
[WhiteTitle "GM"]
[BlackTitle "GM"]
[WhiteElo "2632"]
[BlackElo "2707"]
[WhiteFideId "4142578"]
[BlackFideId "738590"]
[EventDate "2017.12.29"]

1. Nf3 Nc6 2. d4 d6 3. e4 Nf6 4. Nc3 g6 5. d5 Nb8 6. Be2 Bg7 7. O-O O-O 8. Re1
c6 9. a4 b6 10. Nd4 Bb7 11. a5 c5 12. Nf3 Na6 13. Bf4 Nc7 14. Qd2 Re8 15. h3 Qd7
16. a6 Bc8 17. e5 Nh5 18. Bh2 f5 19. e6 Qd8 20. Nb5 Nf6 21. Nxc7 Ne4 22. Qc1
Qxc7 23. Bb5 Rf8 24. c4 Nf6 25. Ra3 Rb8 26. Bf4 Qd8 27. Ng5 Nh5 28. Bd2 f4 29.
Rf3 Rf5 30. Nf7 Qf8 31. Bxf4 Nxf4 32. Rxf4 Rxf4 33. Qxf4 Bxb2 34. Re3 Bc1 35.
Qg5 Bxe3 36. fxe3 Bxa6 37. Bxa6 b5 38. Bxb5 Rb6 39. e4 a6 40. Bd7 Rb1+ 41. Kh2
Rf1 42. e5 Qb8 43. Qxe7 dxe5 44. d6 e4 45. Nh6+ Kh8 46. Nf7+ Kg7 47. Ne5+ Kg8
48. Be8 e3 49. Bf7+ Kh8 50. Bxg6 hxg6 51. Qh4+ Kg8 52. Qe7 e2 53. Nd7 e1=Q 0-1

[Event "Mondiale Lampo FIDE 2017"]
[Site "Riyadh"]
[Date "29.12.2017"]
[Round "10.29"]
[White "Onischuk, Vladimir"]
[Black "Vidit, Santosh Gujrathi"]
[Result "1/2-1/2"]
[WhiteTitle "GM"]
[BlackTitle "GM"]
[WhiteElo "2637"]
[BlackElo "2715"]
[WhiteFideId "14114038"]
[BlackFideId "5029465"]
[EventDate "2017.12.29"]

1. e4 c5 2. Nf3 e6 3. b3 Nc6 4. Bb2 Nf6 5. e5 Nd5 6. c4 Nde7 7. g3 d6 8. Bg2 Ng6
9. exd6 e5 10. h4 Bxd6 11. h5 Nge7 12. h6 g6 13. Nc3 f6 14. Qe2 O-O 15. O-O-O
Bg4 16. Ne4 Qd7 17. Rh4 Be6 18. g4 g5 19. Nfxg5 fxg5 20. Nxg5 Kh8 21. Be4 Ng6
22. Bxg6 hxg6 23. Qe4 Bf7 24. f4 Rae8 25. f5 gxf5 26. gxf5 Nd4 27. f6 Nf5 28.
Rf1 Bg6 29. f7 Rxf7 30. Nxf7+ Qxf7 31. Rhf4 Rf8 32. Bxe5+ Bxe5 33. Qxe5+ Kh7 34.
Qxc5 Qf6 35. d4 b6 36. Qd5 Qg5 37. Kb2 Rf7 38. a4 a5 39. Ka3 Qe7+ 40. c5 bxc5
41. dxc5 Qf6 42. Ka2 Kxh6 43. R4f2 Kg7 44. c6 Qc3 45. Qf3 Qc5 46. Qe4 Re7 47.
Qc2 Qxc2+ 48. Rxc2 Rc7 49. Rd1 Be8 50. Rc5 Ne7 51. Re1 Nxc6 52. Rg5+ Kf6 53. Rg2
Bg6 54. Rf1+ Bf5 55. Rgf2 Nd4 56. Kb2 Ke5 57. Re1+ Be4 58. Rg1 Rc2+ 59. Rxc2
Bxc2 60. Rg5+ Kd6 61. Rg4 Kc5 62. Rxd4 Kxd4 63. Kxc2 Kd5 64. Kd3 Kc5 65. Kc3 Kd5
66. Kd3 Kc5 67. Ke4 1/2-1/2

[Event "Mondiale Lampo FIDE 2017"]
[Site "Riyadh"]
[Date "29.12.2017"]
[Round "10.30"]
[White "McShane, Luke J"]
[Black "Van Foreest, Jorden"]
[Result "0-1"]
[WhiteTitle "GM"]
[BlackTitle "GM"]
[WhiteElo "2640"]
[BlackElo "2629"]
[WhiteFideId "404853"]
[BlackFideId "1039784"]
[EventDate "2017.12.29"]

1. e4 e5 2. Nf3 Nc6 3. Bb5 a6 4. Ba4 d6 5. O-O Bd7 6. c3 g6 7. d4 Bg7 8. Re1 Nf6
9. Bg5 h6 10. Bxf6 Bxf6 11. dxe5 Nxe5 12. Bxd7+ Nxd7 13. Nbd2 O-O 14. Qc2 Re8
15. Re2 Ne5 16. Rae1 Qd7 17. Nxe5 Rxe5 18. Nf3 Re7 19. g3 Rae8 20. Kg2 Qc6 21.
Qd3 b5 22. Nd2 Bg7 23. Kg1 Qc5 24. a3 a5 25. Nf1 b4 26. axb4 axb4 27. c4 Bd4 28.
Kg2 Qe5 29. b3 Bc3 30. Rd1 Qc5 31. Re3 Qc6 32. Qd5 Qxd5 33. exd5 Rxe3 34. Nxe3
Ra8 35. Rd3 Ra3 36. Nc2 Ra2 37. Nd4 Bxd4 38. Rxd4 Rc2 39. Rd3 Rc3 40. Re3 Kg7
41. Kf3 Rc2 42. Re7 Rc3+ 43. Re3 Rc2 44. Re7 Rb2 45. Rxc7 Rxb3+ 46. Kg2 Kf6 47.
Rc6 Ke5 48. f4+ Kd4 49. c5 Kxd5 50. Rxd6+ Kxc5 51. Rf6 Re3 52. Rxf7 Re6 53. g4
b3 54. f5 gxf5 55. Rxf5+ Kc4 56. Rf4+ Kc3 57. Rf3+ Kc2 58. Rf2+ Kd3 59. Rf3+ Re3
60. Rf6 b2 61. Rb6 Kc2 62. Rxb2+ Kxb2 63. Kf2 Rd3 64. h4 Kc3 65. g5 hxg5 66.
hxg5 Kd4 67. g6 Ke5 68. g7 Rd8 0-1

[Event "Mondiale Lampo FIDE 2017"]
[Site "Riyadh"]
[Date "29.12.2017"]
[Round "10.31"]
[White "Ponomariov, Ruslan"]
[Black "Anton Guijarro, David"]
[Result "1-0"]
[WhiteTitle "GM"]
[BlackTitle "GM"]
[WhiteElo "2694"]
[BlackElo "2666"]
[WhiteFideId "14103320"]
[BlackFideId "2285525"]
[EventDate "2017.12.29"]

1. Nf3 Nf6 2. c4 b6 3. g3 Bb7 4. Bg2 e6 5. O-O Be7 6. b3 O-O 7. Bb2 d5 8. cxd5
exd5 9. d4 Ne4 10. Nc3 Nxc3 11. Bxc3 a5 12. Ne5 Nd7 13. Nd3 Bd6 14. e3 Qe7 15.
Re1 Nf6 16. Qc2 Rfe8 17. Rad1 h5 18. f3 Rac8 19. Qf2 Qd7 20. Nf4 Bxf4 21. gxf4
a4 22. Qc2 axb3 23. axb3 h4 24. Kf2 Ra8 25. Ra1 Qe6 26. Bd2 Qd6 27. Rxa8 Rxa8
28. Rc1 c6 29. Bf1 Qd7 30. Be1 Ne8 31. Kg1 Qe7 32. Bf2 Nd6 33. Bg2 g6 34. e4 Nb5
35. Qd2 f5 36. exd5 cxd5 37. Bf1 Nc7 38. Re1 Qf6 39. Re5 Re8 40. Qe1 Rxe5 41.
dxe5 Qc6 42. Bxh4 d4 43. Qd1 Qxf3 44. Qxf3 Bxf3 45. Kf2 Bd5 46. Bd8 Ne6 47. b4
Nxf4 48. Bxb6 Ne6 49. b5 Kf7 50. Bd3 Ke7 51. h4 Kd7 52. Kg3 Ke7 53. h5 f4+ 54.
Kg4 gxh5+ 55. Kxh5 f3 56. Kg4 Kf7 57. Kg3 Ke7 58. Bf5 Kf7 59. Ba5 Nc5 60. Bb6
Ne6 61. Bg4 d3 62. Be3 Nd4 63. b6 Nb3 64. Bxf3 d2 65. Bxd5+ 1-0

[Event "Mondiale Lampo FIDE 2017"]
[Site "Riyadh"]
[Date "29.12.2017"]
[Round "10.32"]
[White "Inarkiev, Ernesto"]
[Black "Guseinov, Gadir"]
[Result "0-1"]
[WhiteTitle "GM"]
[BlackTitle "GM"]
[WhiteElo "2689"]
[BlackElo "2646"]
[WhiteFideId "4162722"]
[BlackFideId "13401378"]
[EventDate "2017.12.29"]

1. d4 Nf6 2. c4 g6 3. Nc3 Bg7 4. e4 d6 5. Nf3 O-O 6. Be2 c5 7. d5 e6 8. O-O exd5
9. cxd5 Bg4 10. a4 Bxf3 11. Bxf3 Nbd7 12. Re1 Ne8 13. Be2 a6 14. Bd2 Nc7 15. Qc2
Re8 16. Bf1 Rb8 17. a5 Qe7 18. Ra3 b5 19. axb6 Rxb6 20. Nd1 Nb5 21. Bxb5 axb5
22. Ra7 Qd8 23. Bc3 Bxc3 24. Nxc3 Nf6 25. f3 b4 26. Na4 b3 27. Qd2 Rb4 28. Nc3
Nh5 29. g4 Rd4 30. Qe3 Ng7 31. Qf4 Rf8 32. Nb5 Qb6 33. Nxd4 Qxa7 34. Nc6 Qa2 35.
Re2 Qb1+ 36. Kg2 Qd1 37. Rf2 h5 38. g5 c4 39. Qxd6 Re8 40. Qf6 h4 41. Ne7+ Rxe7
42. Qxe7 Nh5 43. Qd8+ Kg7 44. Qc7 Qc1 45. f4 Qe3 46. Qe5+ Kh7 47. d6 h3+ 48. Kf1
Qc1+ 49. Ke2 Qc2+ 50. Ke3 Qd3# 0-1